000 00342nam a2200133Ia 4500
008 191201s2004 xx 000 0 und d
082 _a004.6
_bKEE
100 _aKESHAV, S
245 3 _aAn Engineering Approach to Computer Networking
260 _aN.Delhi
_bPearson Education
_c2004
300 _a660
650 _aB.Tech(IT)
942 _2ddc
_cBK
999 _c2824
_d2824